| 000 | 00780cam a2200205 a 4500 | ||
|---|---|---|---|
| 001 | 000001544 | ||
| 005 | 20200929145620.0 | ||
| 008 | 711012s1966 nyu 000 0 eng d | ||
| 040 |
_aDO-SdBNP _bspa _cBNPHU |
||
| 082 |
_a808.899729 _bF931 |
||
| 245 | 0 | 0 |
_aFrom the green antilles : _bwritings of the caribbean. / _cedición e introducción Barbara Howes. |
| 260 |
_aNew York : _bMacmillan Company, _c1966. |
||
| 300 |
_axvi, 368 p. ; _c21 cm. |
||
| 650 | 4 |
_aCaribbean literature. _95063 |
|
| 650 | 4 |
_aCaribbean literature _xTranslations into english. _95064 |
|
| 650 | 4 |
_aWest indian literature _xTranslations into english. _95065 |
|
| 651 | 4 |
_aCaribbean Area _xLiterary Collections. _95066 |
|
| 651 | 4 |
_aWest Indies _xLiterary Collections. _95067 |
|
| 700 | 1 |
_aHowes, Barbara, _eed. _95068 |
|
| 999 |
_c1446 _d1446 |
||